[Event "SVK-chT1W 2122"]
[Site "Slovakia"]
[Date "2022.04.23"]
[Round "8.5"]
[White "Banszegi, Attila"]
[Black "Macka, Oto"]
[Result "1/2-1/2"]
[WhiteElo "1971"]
[BlackElo "2047"]
[PlyCount "109"]
[EventDate "2021.11.06"]
[EventType "team-tourn"]
[EventRounds "11"]
[EventCountry "SVK"]
[SourceTitle "EXT 2023"]
[Source "ChessBase"]
[SourceDate "2022.10.05"]
[SourceVersion "1"]
[SourceVersionDate "2022.10.05"]
[SourceQuality "1"]
[WhiteTeam "Batorove Kosihy"]
[BlackTeam "Bratislava Doprastav"]
[WhiteTeamCountry "SVK"]
[BlackTeamCountry "SVK"]

1. e4 c5 2. Nf3 Nc6 3. d4 cxd4 4. c3 Nf6 5. e5 Nd5 6. Bc4 Nb6 7. Bb3 d6 8. Bf4 dxe5 9. Nxe5 Nxe5 10. Bxe5 f6 11. Bxd4 e5 12. Bxb6 Qxd1+ 13. Bxd1 axb6 14. Bf3 Ra7 15. Bd5 Bd7 16. 0-0 Bc6 17. c4 Bb4 18. Nc3 Bxc3 19. bxc3 Kd7 20. Rfd1 Kc7 21. Rd2 Ra3 22. Rc1 Rha8 23. Rcc2 Ba4 24. Rb2 Rxc3 25. h4 Be8 26. f4 exf4 27. Rd4 g5 28. hxg5 fxg5 29. Re4 Re3 30. c5 b5 31. Rxe3 fxe3 32. Re2 Ra3 33. Bb3 Bd7 34. Rxe3 Ra6 35. Re7 h6 36. Bd5 Rf6 37. Bf3 Kd8 38. Rh7 Bc6 39. Bg4 Rf4 40. Rh8+ Ke7 41. Bc8 Rc4 42. Rxh6 Rxc5 43. Bxb7 Bxb7 44. Rh7+ Kd6 45. Rxb7 Kd5 46. Kf2 Kc6 47. Ra7 Kb6 48. Ra8 Rc3 49. g4 b4 50. Rg8 Rc2+ 51. Ke3 Rxa2 52. Rxg5 b3 53. Kd3 Rc2 54. Rg8 Rg2 55. Rb8+ 1/2-1/2

[Event "HUN-chT2 Breyer 1819"]
[Site "Hungary"]
[Date "2019.03.31"]
[Round "8.7"]
[White "Banszegi, Attila"]
[Black "Emmer, Adam"]
[Result "1/2-1/2"]
[WhiteElo "2036"]
[BlackElo "1894"]
[PlyCount "126"]
[EventDate "2018.10.28"]
[EventType "team-tourn"]
[EventRounds "9"]
[EventCountry "HUN"]
[SourceTitle "EXT 2021"]
[Source "ChessBase"]
[SourceDate "2020.10.23"]
[SourceVersion "1"]
[SourceVersionDate "2020.10.23"]
[SourceQuality "1"]
[WhiteTeam "Kisber Aszar"]
[BlackTeam "Paty"]
[WhiteTeamCountry "HUN"]
[BlackTeamCountry "HUN"]

1. e4 d6 2. d4 Nf6 3. Nc3 g6 4. f3 Bg7 5. Be3 c6 6. Qd2 Nbd7 7. 0-0-0 0-0 8. g4 b5 9. Nce2 Nb6 10. Ng3 Qc7 11. Kb1 e5 12. Bh6 Be6 13. Bxg7 Kxg7 14. h4 Qe7 15. h5 Ng8 16. Nh3 h6 17. g5 Bxh3 18. gxh6+ Kh7 19. Rxh3 Rad8 20. f4 exd4 21. Bd3 Nc4 22. Bxc4 bxc4 23. Qxd4 Qf6 24. Qxc4 d5 25. Qf1 dxe4 26. Rxd8 Rxd8 27. Nxe4 Qf5 28. Ng5+ Kh8 29. h7 Ne7 30. h6 Rd2 31. Rd3 Rxd3 32. Qxd3 Qxd3 33. Nxf7+ Kxh7 34. cxd3 Nd5 35. Kc2 Nxf4 36. b4 Ne6 37. Kd2 g5 38. Ke3 Kg6 39. Ne5+ Kxh6 40. Nxc6 a6 41. Ne5 Kg7 42. Ke4 Kf6 43. a4 Nc7 44. d4 Ke6 45. Nd3 Kd6 46. Ne5 Ke6 47. Kd3 Kd5 48. Ng4 Ne8 49. Ne3+ Kd6 50. Kc4 Nf6 51. b5 axb5+ 52. axb5 g4 53. Nf5+ Kc7 54. d5 Ne4 55. Kd4 g3 56. Nxg3 Nxg3 57. Ke5 Nf1 58. Ke6 Nd2 59. d6+ Kd8 60. b6 Nb3 61. Kd5 Na5 62. Kc5 Kd7 63. Kb5 Nb7 1/2-1/2

[Event "HUN-chT4 Chalupetzky 1819"]
[Site "Hunagry"]
[Date "2018.12.16"]
[Round "4.1"]
[White "Banszegi, Attila"]
[Black "Vinkovics, Sandor"]
[Result "0-1"]
[WhiteElo "2051"]
[BlackElo "2051"]
[PlyCount "78"]
[EventDate "2018.10.14"]
[EventType "team-tourn"]
[EventRounds "10"]
[EventCountry "HUN"]
[SourceTitle "EXT 2020"]
[Source "ChessBase"]
[SourceDate "2019.10.17"]
[SourceVersion "1"]
[SourceVersionDate "2019.10.17"]
[SourceQuality "1"]
[WhiteTeam "Toltestava Tornado"]
[BlackTeam "Lovo"]
[WhiteTeamCountry "HUN"]
[BlackTeamCountry "HUN"]

1. e4 d6 2. d4 g6 3. Nc3 Bg7 4. Be3 Nf6 5. f3 Nbd7 6. Qd2 0-0 7. 0-0-0 a6 8. g4 b5 9. h4 Re8 10. h5 Nf8 11. hxg6 fxg6 12. Bh6 e6 13. Bg5 Qd7 14. Bh3 b4 15. Nce2 Qa4 16. Kb1 c5 17. Qd3 N6d7 18. b3 Qa5 19. Be3 Qd8 20. f4 Bb7 21. Nf3 a5 22. Ng3 a4 23. Rh2 Qa5 24. f5 Nb6 25. Nd2 axb3 26. Qxb3 c4 27. Nxc4 Nxc4 28. Bc1 Na3+ 29. Ka1 Nb5 30. Bb2 Nc3 31. Bxc3 bxc3 32. f6 Bxf6 33. Nf5 gxf5 34. gxf5 Qa4 35. Rg1+ Kh8 36. Rhg2 Nd7 37. fxe6 Nb6 38. e7 Qxb3 39. cxb3 Bxd4 0-1

[Event "HUN-chT2 Breyer 1718"]
[Site "Hungary"]
[Date "2018.03.04"]
[Round "9.9"]
[White "Banszegi, Attila"]
[Black "Laszlo, Imre"]
[Result "1-0"]
[WhiteElo "2051"]
[BlackElo "2111"]
[PlyCount "75"]
[EventDate "2017.09.24"]
[EventType "team-tourn"]
[EventRounds "11"]
[EventCountry "HUN"]
[SourceTitle "EXT 2021"]
[Source "ChessBase"]
[SourceDate "2020.10.23"]
[SourceVersion "1"]
[SourceVersionDate "2020.10.23"]
[SourceQuality "1"]
[WhiteTeam "Kisber Aszar"]
[BlackTeam "Naszaly Geniusz Tata"]
[WhiteTeamCountry "HUN"]
[BlackTeamCountry "HUN"]

1. e4 c5 2. Nf3 d6 3. d4 cxd4 4. Nxd4 Nf6 5. Nc3 a6 6. f3 e5 7. Nb3 Be6 8. Bg5 Nbd7 9. Qd2 h6 10. Be3 h5 11. 0-0-0 Qc7 12. Kb1 Rc8 13. g3 Be7 14. h3 b5 15. a3 Rb8 16. Rg1 Nb6 17. Bxb5+ axb5 18. Nxb5 Qc6 19. Nxd6+ Bxd6 20. Qxd6 Qxd6 21. Rxd6 Nc4 22. Rd3 Nxe3 23. Rxe3 Bxb3 24. cxb3 Ke7 25. b4 h4 26. g4 g5 27. Ka2 Rhd8 28. Rc1 Ne8 29. Rc5 f6 30. b5 Rdc8 31. Rec3 Rxc5 32. Rxc5 Kd7 33. a4 Nc7 34. b4 Rb6 35. Kb3 Ne6 36. Rd5+ Rd6 37. b6 Nd4+ 38. Kc4 1-0

[Event "SVK-chT2B 1718"]
[Site "Slovakia"]
[Date "2018.01.14"]
[Round "6.6"]
[White "Banszegi, Attila"]
[Black "Valovic, Stefan"]
[Result "1-0"]
[WhiteElo "2034"]
[BlackElo "1946"]
[PlyCount "53"]
[EventDate "2017.10.28"]
[EventType "team-tourn"]
[EventRounds "11"]
[EventCountry "SVK"]
[SourceTitle "EXT 2019"]
[Source "ChessBase"]
[SourceDate "2018.10.10"]
[SourceVersion "1"]
[SourceVersionDate "2018.10.10"]
[SourceQuality "1"]
[WhiteTeam "Batorove Kosihy"]
[BlackTeam "Tlmace"]
[WhiteTeamCountry "SVK"]
[BlackTeamCountry "SVK"]

1. e4 c5 2. Nf3 g6 3. d4 cxd4 4. Nxd4 Bg7 5. Nc3 Nc6 6. Be3 Nf6 7. f3 d5 8. Bb5 Bd7 9. exd5 Nb4 10. d6 exd6 11. Bxd7+ Qxd7 12. Qd2 0-0 13. 0-0-0 Rfd8 14. Bg5 d5 15. Kb1 a6 16. g4 Qd6 17. h4 Nc6 18. Nxc6 bxc6 19. h5 Rab8 20. b3 Rb7 21. Bf4 Qb4 22. h6 Bh8 23. Rhe1 d4 24. Bg5 Qd6 25. Qe2 c5 26. Ne4 Rf8 27. Nxd6 1-0

[Event "HUN-chT2 Breyer 1718"]
[Site "Hungary"]
[Date "2017.12.03"]
[Round "5.6"]
[White "Bak, Tamas"]
[Black "Banszegi, Attila"]
[Result "0-1"]
[WhiteElo "1814"]
[BlackElo "2051"]
[PlyCount "68"]
[EventDate "2017.09.24"]
[EventType "team-tourn"]
[EventRounds "11"]
[EventCountry "HUN"]
[SourceTitle "EXT 2021"]
[Source "ChessBase"]
[SourceDate "2020.10.23"]
[SourceVersion "1"]
[SourceVersionDate "2020.10.23"]
[SourceQuality "1"]
[WhiteTeam "Tatabanya Turul"]
[BlackTeam "Kisber Aszar"]
[WhiteTeamCountry "HUN"]
[BlackTeamCountry "HUN"]

1. e4 e6 2. d4 d5 3. exd5 exd5 4. Bd3 Bd6 5. Nf3 Bg4 6. Be3 Ne7 7. Nbd2 Nd7 8. c3 c6 9. Qc2 Qc7 10. 0-0-0 b5 11. h3 Bh5 12. Rhe1 Qa5 13. Kb1 Rb8 14. Nb3 Qc7 15. g4 Bg6 16. Bf5 b4 17. Bxg6 hxg6 18. c4 Kf8 19. Qe2 dxc4 20. Qxc4 Nb6 21. Qc2 Nbd5 22. Ne5 a5 23. Nc5 Nc3+ 24. Ka1 Bxc5 25. dxc5 Qxe5 26. bxc3 bxc3 27. f4 Rb2 28. Qd3 Qd5 29. Qxd5 Nxd5 30. Bd4 Rd2 31. Be5 f6 32. Bd6+ Kf7 33. Rb1 Nb4 34. Rec1 Rxa2# 0-1

[Event "HUN-chT2 Breyer 1718"]
[Site "Hungary"]
[Date "2017.09.24"]
[Round "1.7"]
[White "Banszegi, Attila"]
[Black "Bognar, Attila"]
[Result "1-0"]
[WhiteElo "2051"]
[BlackElo "1831"]
[PlyCount "77"]
[EventDate "2017.09.24"]
[EventType "team-tourn"]
[EventRounds "11"]
[EventCountry "HUN"]
[SourceTitle "EXT 2021"]
[Source "ChessBase"]
[SourceDate "2020.10.23"]
[SourceVersion "1"]
[SourceVersionDate "2020.10.23"]
[SourceQuality "1"]
[WhiteTeam "Kisber Aszar"]
[BlackTeam "Nyergesujfalu"]
[WhiteTeamCountry "HUN"]
[BlackTeamCountry "HUN"]

1. e4 c5 2. Nf3 Nc6 3. d4 cxd4 4. Nxd4 d5 5. Bb5 dxe4 6. 0-0 Bd7 7. Nc3 Nxd4 8. Qxd4 Bxb5 9. Qxd8+ Kxd8 10. Nxb5 e5 11. Be3 a6 12. Rad1+ Kc8 13. Bb6 Be7 14. Nc7 Rb8 15. Ne8 Nf6 16. Nxg7 Nd7 17. Be3 Kc7 18. Nf5 Rhe8 19. Rfe1 Rbd8 20. a3 f6 21. Ng7 f5 22. Ne6+ Kc8 23. Ba7 Nf6 24. Nxd8 Bxd8 25. Rd6 Rg8 26. Re3 b5 27. Rc3+ Kb7 28. Be3 f4 29. Bc5 e3 30. f3 e4 31. Kf1 e2+ 32. Kxe2 Rxg2+ 33. Kf1 exf3 34. Rxd8 Ne4 35. Rxf3 Rxc2 36. Bb4 Rc1+ 37. Be1 Kc7 38. Rd4 Ng5 39. Rc3+ 1-0

[Event "HUN-chT4 1617"]
[Site "Hungary"]
[Date "2017.02.19"]
[Round "5.2"]
[White "Pesti, Mate"]
[Black "Banszegi, Attila"]
[Result "0-1"]
[WhiteElo "1759"]
[BlackElo "2025"]
[PlyCount "94"]
[EventDate "2016.10.02"]
[EventType "team-tourn"]
[EventRounds "7"]
[EventCountry "HUN"]
[SourceTitle "EXT 2019"]
[Source "ChessBase"]
[SourceDate "2018.10.10"]
[SourceVersion "1"]
[SourceVersionDate "2018.10.10"]
[SourceQuality "1"]

1. e4 e6 2. d4 d5 3. e5 c5 4. c3 Nc6 5. Nf3 Nge7 6. Bd3 cxd4 7. cxd4 Nf5 8. Bxf5 exf5 9. 0-0 Be6 10. Nc3 Be7 11. a3 Kf8 12. b4 Rc8 13. Bd2 g5 14. Rc1 h5 15. Ne2 a6 16. Ne1 f4 17. f3 Qb6 18. Bc3 Nxe5 19. Kh1 Nc4 20. Nc2 Bf5 21. Re1 Qg6 22. Ba1 Bf6 23. b5 a5 24. Bc3 Kg7 25. a4 Qh6 26. Rg1 Rhe8 27. Ne1 Qg6 28. Nc2 b6 29. Re1 Re7 30. Ng1 Rec7 31. Ne2 Nd6 32. Qd2 Nb7 33. Na3 Nd8 34. Bxa5 Rxc1 35. Nxc1 bxa5 36. Qxa5 Bxd4 37. Ne2 Be3 38. Qb4 Bd3 39. Qb2+ Qf6 40. Qa2 Bxe2 41. Qxe2 Qc3 42. Nb1 Qb4 43. h4 Rc2 44. Qf1 Rf2 45. Qg1 Rxf3 46. gxf3 Bxg1 47. Rxg1 Ne6 0-1

[Event "HUN-chT2 Breyer 1617"]
[Site "Hungary"]
[Date "2016.11.27"]
[Round "3.9"]
[White "Geher, Koppany"]
[Black "Banszegi, Attila"]
[Result "1-0"]
[WhiteElo "1964"]
[BlackElo "2022"]
[PlyCount "65"]
[EventDate "2016.10.30"]
[EventType "team-tourn"]
[EventRounds "9"]
[EventCountry "HUN"]
[SourceTitle "EXT 2021"]
[Source "ChessBase"]
[SourceDate "2020.10.23"]
[SourceVersion "1"]
[SourceVersionDate "2020.10.23"]
[SourceQuality "1"]
[WhiteTeam "Budapest MTK II"]
[BlackTeam "Kisber Aszar"]
[WhiteTeamCountry "HUN"]
[BlackTeamCountry "HUN"]

1. e4 e6 2. Nf3 d5 3. Nc3 Nf6 4. e5 Nfd7 5. d4 c5 6. dxc5 Bxc5 7. Bd3 Nc6 8. Bf4 Qb6 9. 0-0 a6 10. a3 Qc7 11. Re1 b5 12. Bg3 Bb7 13. Nxd5 Qd8 14. Nc3 Qb6 15. Ne4 0-0-0 16. Qe2 h6 17. b4 Nd4 18. Nxd4 Bxd4 19. Nd6+ Kb8 20. Nxf7 Qc6 21. Qf1 Bxa1 22. Rxa1 g5 23. Nxh8 Rxh8 24. a4 h5 25. axb5 Qc3 26. bxa6 Bd5 27. f3 h4 28. Qe1 Qc7 29. Bf2 h3 30. Be4 Nb6 31. Bxd5 Nxd5 32. Bc5 hxg2 33. Bd6 1-0

[Event "SVK-chT2B 1617"]
[Site "Slovakia"]
[Date "2016.11.06"]
[Round "4.5"]
[White "Kunovsky, Daniel"]
[Black "Banszegi, Attila"]
[Result "1/2-1/2"]
[WhiteElo "1945"]
[BlackElo "2022"]
[PlyCount "106"]
[EventDate "2016.10.08"]
[EventType "team-tourn"]
[EventRounds "11"]
[EventCountry "SVK"]
[SourceTitle "CBM 175 Extra"]
[Source "ChessBase"]
[SourceDate "2016.12.12"]
[SourceVersion "1"]
[SourceVersionDate "2016.12.12"]
[SourceQuality "1"]
[WhiteTeam "Sala Slovan Duslo"]
[BlackTeam "Batorove Kosihy"]
[WhiteTeamCountry "SVK"]
[BlackTeamCountry "SVK"]

1. e4 e6 2. d4 d5 3. Nc3 Bb4 4. e5 c5 5. a3 Bxc3+ 6. bxc3 Nc6 7. Nf3 Nge7 8. Bd3 Bd7 9. 0-0 Qa5 10. Bd2 c4 11. Be2 Nc8 12. Nh4 Nb6 13. f4 g6 14. g4 Na4 15. Kh1 0-0-0 16. Qe1 a6 17. f5 gxf5 18. gxf5 Rhg8 19. Bh5 Rdf8 20. Bh6 Qxc3 21. Qxc3 Nxc3 22. Bxf8 Rxf8 23. fxe6 Bxe6 24. Rf3 Na4 25. c3 b5 26. Rg1 a5 27. Bg4 Bxg4 28. Rxg4 b4 29. axb4 axb4 30. cxb4 c3 31. Nf5 c2 32. Rg1 Nxb4 33. Rc1 Nb2 34. Rb3 N2d3 35. Rxd3 Nxd3 36. Rxc2+ Kd7 37. Rc3 Nf4 38. Rf3 Ne6 39. Kg2 Rg8+ 40. Kf2 Rg4 41. Ne3 Rh4 42. Kg3 Rxd4 43. Rxf7+ Ke8 44. Rxh7 Rd3 45. Kf2 d4 46. Nd5 Ng5 47. Rg7 Rf3+ 48. Kg2 Rf5 49. h4 Ne4 50. Nc7+ Kf8 51. Ne6+ Ke8 52. Nxd4 Rxe5 53. Rg4 Nf6 1/2-1/2

[Event "SVK-chT2B 1617"]
[Site "Slovakia"]
[Date "2016.10.09"]
[Round "2.5"]
[White "Hlinka, Miroslav"]
[Black "Banszegi, Attila"]
[Result "0-1"]
[WhiteElo "2009"]
[BlackElo "2022"]
[PlyCount "76"]
[EventDate "2016.10.08"]
[EventType "team-tourn"]
[EventRounds "11"]
[EventCountry "SVK"]
[SourceTitle "CBM 175 Extra"]
[Source "ChessBase"]
[SourceDate "2016.12.12"]
[SourceVersion "1"]
[SourceVersionDate "2016.12.12"]
[SourceQuality "1"]
[WhiteTeam "Povazska Bystrica II"]
[BlackTeam "Batorove Kosihy"]
[WhiteTeamCountry "SVK"]
[BlackTeamCountry "SVK"]

1. d4 Nf6 2. Nf3 g6 3. c4 Bg7 4. Nc3 d5 5. e3 0-0 6. Be2 dxc4 7. Bxc4 c5 8. 0-0 cxd4 9. Nxd4 a6 10. b3 Qc7 11. Bb2 Rd8 12. Qe2 e5 13. Nf3 e4 14. Ng5 Ng4 15. g3 Ne5 16. Ncxe4 b5 17. Bxe5 Bxe5 18. Bxf7+ Kg7 19. Rad1 h6 20. Ne6+ Bxe6 21. Bxe6 Re8 22. Bh3 Ra7 23. f4 Bc3 24. Qd3 b4 25. Nxc3 Qxc3 26. Kf2 Rc7 27. Rfe1 a5 28. Qxc3+ bxc3 29. Rd4 Na6 30. a3 Nc5 31. b4 Nb3 32. Rd7+ Re7 33. Rxc7 Rxc7 34. Be6 a4 35. b5 c2 36. b6 Rb7 37. Bxb3 axb3 38. Ke2 b2 0-1

[Event "HUN-chT2 Breyer 1516"]
[Site "Hungary"]
[Date "2016.02.14"]
[Round "7.8"]
[White "Banszegi, Attila"]
[Black "Imre, Jozsef"]
[Result "1/2-1/2"]
[WhiteElo "2028"]
[BlackElo "2068"]
[PlyCount "83"]
[EventDate "2015.09.13"]
[EventType "team-tourn"]
[EventRounds "11"]
[EventCountry "HUN"]
[SourceTitle "EXT 2017"]
[Source "ChessBase"]
[SourceDate "2016.10.25"]
[SourceVersion "1"]
[SourceVersionDate "2016.10.25"]
[SourceQuality "1"]
[WhiteTeam "Kisber Aszar"]
[BlackTeam "Vizugy"]
[WhiteTeamCountry "HUN"]
[BlackTeamCountry "HUN"]

1. e4 c5 2. Nf3 d6 3. d4 cxd4 4. Nxd4 Nf6 5. Nc3 a6 6. f3 e5 7. Nb3 Be7 8. Be3 0-0 9. Qd2 Be6 10. 0-0-0 b5 11. g4 Nbd7 12. g5 Nh5 13. Rg1 Nb6 14. Qf2 Nc4 15. Kb1 Nxe3 16. Qxe3 Qc7 17. Nd5 Bxd5 18. Rxd5 Nf4 19. Rd2 Qa7 20. Qxa7 Rxa7 21. Nc1 Rc7 22. Nd3 Nxd3 23. Rxd3 Rd8 24. h4 d5 25. a4 Bc5 26. Rg4 d4 27. axb5 axb5 28. f4 Ra8 29. c3 Rca7 30. Kc2 dxc3 31. Rd5 cxb2 32. Rxc5 b1Q+ 33. Kxb1 Ra1+ 34. Kb2 Rxf1 35. fxe5 Rb8 36. h5 b4 37. Rg3 Kf8 38. g6 hxg6 39. hxg6 b3 40. Rg2 Rf4 41. Rh2 Ke7 42. gxf7 1/2-1/2

[Event "HUN-chT4 Chalupetzky 1516"]
[Site "Fertoszentmiklos"]
[Date "2015.12.13"]
[Round "3.1"]
[White "Petrecz, Gyula"]
[Black "Banszegi, Attila"]
[Result "0-1"]
[WhiteElo "1784"]
[BlackElo "2023"]
[PlyCount "48"]
[EventDate "2015.10.11"]
[EventType "team-tourn"]
[EventRounds "7"]
[EventCountry "HUN"]
[SourceTitle "EXT 2017"]
[Source "ChessBase"]
[SourceDate "2016.10.25"]
[SourceVersion "1"]
[SourceVersionDate "2016.10.25"]
[SourceQuality "1"]
[WhiteTeam "Gonyu"]
[BlackTeam "Toltestava Tornado"]
[WhiteTeamCountry "HUN"]
[BlackTeamCountry "HUN"]

1. e4 e6 2. f4 d5 3. e5 c5 4. Nf3 Nc6 5. d4 cxd4 6. Nxd4 Qb6 7. Nxc6 bxc6 8. b3 Bc5 9. Qf3 Ne7 10. Bd3 Bb7 11. Nc3 Bb4 12. Bd2 Qa5 13. Nb1 Nf5 14. Bxb4 Qxb4+ 15. c3 Qb6 16. g4 Ne7 17. Rf1 0-0-0 18. Qf2 c5 19. Nd2 Nc6 20. a4 Qa5 21. b4 cxb4 22. Nb3 Qb6 23. Nd4 bxc3 24. Rb1 Qxd4 0-1